|
|
|
|
| LEADER |
00000cam a2200000 a 4500 |
| 001 |
19523 |
| 003 |
Ucuenca |
| 005 |
20230308175805.0 |
| 008 |
984031|1982 ||||||||r|||||||||||spa|| |
| 020 |
|
|
|a 9682508568
|
| 040 |
|
|
|b spa
|
| 041 |
1 |
|
|a spa
|
| 082 |
0 |
|
|a 618.92
|
| 245 |
|
|
|a Manual práctico de pediatría
|c Julia A. McMillan, James A. Stockman, Frank A. Oski, autores
|h imp
|
| 264 |
|
|
|a México
|b Interamericana
|c 1982
|
| 300 |
|
|
|a vi, 482 páginas:
|c 25 cm
|b ilu
|
| 504 |
|
|
|a incl. ref.
|
| 650 |
1 |
0 |
|a Pediatría
|9 2161
|
| 700 |
|
|
|a McMillan, Julia A.
|9 194974
|
| 700 |
1 |
|
|a Stockman, James A.
|9 194975
|
| 700 |
1 |
|
|a Oski, Frank A.
|9 194976
|
| 700 |
1 |
|
|a Palacios E., Manuel Antonio
|e traducción
|9 85013
|
| 852 |
|
|
|a UC-SALUD
|f Compra
|l 1
|m General
|p 19840312
|q 2.100,00
|r 1
|t 19523
|w Medicina y Cirugía
|b 0
|d CDRS
|e CDRS
|g 618.92 ESTANTERIA ABIERTA
|z 1984-40-31
|
| 942 |
|
|
|c BK
|z marlene.quinde@ucuenca.edu.ec
|
| 999 |
|
|
|c 51026
|d 51026
|